Responses for Primetime Celebrity Jeopardy! game #9 - Thursday, January 5, 2023

2022-2023 Primetime Celebrity Jeopardy! quarterfinal game 7.

Contestants

[<< previous game]

Zoë Chao, an actor from Providence, Rhode Island

Brianne Howey, an actor from Pasadena, California

Michael Cera, an actor from Brampton, Canada

[next game >>]

Jeopardy! Round responses

ARRESTED DEVELOPMENTS
INTERNATIONAL MAN OF MYTH STORY
VIRGINNY & GEORGIA
MERRIAM-WEBSTER DEFINES IT AS...
CHAO!
LET ME NOODLE ON THAT
    $100 14
the Vietnam War

Zoë
    $100 19
(Zoë: [Not ringing in] I'm a bad Chinese person!)

money

Triple Stumper
    $100 2
ham

Zoë
    $100 9
quadruple

Michael
    $100 3
Mulan

Zoë
    $100 1
(Michael: What is vermicelli?)

a glass noodle

MichaelBrianne
    $200 15
George Clooney

Michael
    $600 20
(Michael: Who is Prometheus?)

Atlas

Michael
    $200 8
Martin Luther King (Jr.)

Michael
    $200 10
a dungeon

Zoë
    $200 4
(Zoë: [Not ringing in] Aw, I'm a bad Chinese person.)

stir frying

Triple Stumper
    $200 5
linguini

Michael
    $300 16
ER

Zoë
    $300 21
black

Michael
    $300 22
"Georgia On My Mind"

Michael
    $300 11
a vulture

Triple Stumper
    $300 25
[Applause for Zoë finally being a good Chinese person]
(Zoë: My Nana. Thinking about my Nana.)

Mandarin

Zoë
    $300 6
ramen

Zoë
    $400 17
Martin Sheen

Michael
    $400 29
(Mayim: He had a really bad headache and she came out.)

Athena

Triple Stumper
    $400 23
Chesapeake

Triple Stumper
    $400 12
a karat

Michael
    $400 26
the Labor Department

Triple Stumper
    $400 7
pad thai

Brianne
    $500 18
the rainforests

Triple Stumper
    $500 30
Hiawatha

Triple Stumper
    $500 24
Williamsburg

Michael
    $500 13
nepotism

Michael
    $500 28
antimatter

Triple Stumper
    $500 27
phở

Zoë

Scores at the first commercial break (after clue 15):

Michael Brianne Zoë
$1,500 $500 $800

Scores at the end of the Jeopardy! Round:

Michael Brianne Zoë
$2,400 $500 $1,900

Double Jeopardy! Round responses

OBSCURE MOVIE QUOTES
A TOTAL FRAME JOB
FAMOUS WOMEN
BLENDED WORDS
(Mayim: For example: "sitcom".)
NATURE
SEEMS LIKE ANCIENT TIMES
    $200 7
Sandra Bullock

Michael
    $200 15
Van Gogh

Michael
    $200 1
(Mayim: Yes, I believe I'm wearing her suit right now.)
(Brianne: You look great!)

Hillary Clinton

Brianne
    $200 12
brunch

Michael
    $200 6
a tarantula

Michael
    $200 26
the Olympics

Michael
    $400 8
Jeff Goldblum

Michael
    $500 22
(Mayim: Oh my goodness! How scared are you right now, on a scale of one to ten, ten being terrified?)
(Michael: Well, I forget what this--I--I forget what this category is. It's been a while.)

The Scream

Michael
    $400 2
Amelia Earhart

Zoë
    $400 13
a frenemy

Michael
    $400 18
the eye

Michael
    $400 27
elephants

Triple Stumper
    $600 9
Nicholas Cage

Michael
    $600 23
[Brianne claps for Zoë.]
(Zoë: I was smart.)

American Gothic

Zoë
    $600 3
(Brianne: Who is Maria Sharapova?)
(Mayim: No.)
(Brianne: That's the wrong year, really, I know.)
(Mayim: That would be [*].)
(Zoë: Oh, my.)
(Brianne: Close.)
(Zoë: Yeah.)
(Mayim: Very close, yes.)

Martina Navratilova

Brianne
Triple Stumper
    $600 14
hazmat

Brianne
    $600 19
a venus fly trap

Michael
    $600 28
(Michael: Who is King Tut?)

pharaoh

Michael
Triple Stumper
    $800 10
(Brianne: It's not Jennifer Lawrence.)

Zoe Saldaña

Brianne
Triple Stumper
    $800 24
Whistler's Mother

Triple Stumper
    $800 4
(Mayim: Right at the timer.)
(Zoë: It's like a dance with a lion.)

Billie Holiday

Zoë
    $800 16
Brexit

Zoë
    $600 20
the dodo

Michael
    $800 29
Solomon

Triple Stumper
    $1000 11
Regina King

Triple Stumper
    $1000 25
Vermeer

Michael
    $1000 5
Golda Meir

Triple Stumper
    $1000 17
(Michael: Had some today.)
[Laughter]

botox

Michael
    $1000 21
(Mayim: [Giving the full name of the animal] ...to be specific.)
(Michael: Right. Best one.)
[Laughter]

a (duck-billed) platypus

Michael
    $1000 30
(Mayim: Yes, and you are back on the plus side!)
(Michael: Nice one.)

silk

Brianne

Scores at the Double Jeopardy! Round commercial break (after clue 15):

Michael Brianne Zoë
$4,600 -$100 $3,100

Scores at the end of the Double Jeopardy! Round:

Michael Brianne Zoë
$9,300 $900 $4,500

Triple Jeopardy! Round

PHILOSOPHY
WE MEAN BUSINESS
IMPERSONATORS
BOOZY PHRASES
OFFICIAL STATE STUFF
THEY WERE TEACHERS
(Colby Burnett: I'm Teachers Tournament and Tournament of Champions winner Colby Burnett, with clues about some famous people who shared my profession--at least for a while.)
    $300 8
the soul

Michael
    $300 2
Burger King

Michael
    $300 5
drag queen

Triple Stumper
    $300 1
(Brianne: I was gonna say "bottoms". Glad I didn't.)

gin

Triple Stumper
    $300 7
(Brianne: What is a luau?)

the hula

Brianne
Triple Stumper
    $300 15
Sting

Zoë
    $600 23
(Michael: Who is [*]?)
(Mayim: I'm not sure, but that's correct.)

God

Michael
    $600 11
(Mayim: Yes, actually, Alex Trebek's home away from home. He loved that place.)
(Brianne: Aw.)
(Michael: That's a great place.)

Home Depot

Michael
    $600 6
Anna Delvey

Brianne
    $1,500 3
(Michael: What? ... [Laughs] Um, what is "bottom's up"?)
(Mayim: [Laughs] No, that phrase, "What is [*]?")
(Michael: Oh, that's cool. I like that. Won't forget that!)

hold my beer and watch this

Michael
    $600 27
(Mayim: Correct, where the wind comes sweepin' down the plain.)

Oklahoma

Michael
    $600 16
(Brianne: I was going to say "Bankler", but that's not the show.)

Abbott Elementary

Triple Stumper
    $1,000 24
I think

Michael
    $900 12
(Zoë: What is Amazon?)

FedEx

MichaelZoë
    $900 20
Grauman's (Chinese Theatre)

Michael
    $900 4
(Brianne: Duh!)
(Zoë: Whoa! Okay.)

wine, women & song

Triple Stumper
    $900 28
a rattlesnake

Zoë
    $900 17
(Dan) Brown

Michael
    $1200 25
Paris

Triple Stumper
    $1200 13
(Mayim: "Leave the driving to us", is what they used to tell us.)

Greyhound

Michael
    $1200 21
Franklin D. Roosevelt

Triple Stumper
    $1200 9
(Michael: What is a business lunch?)
...
(Brianne: It's very Mad Men.)

a three-martini lunch

Michael
Triple Stumper
    $1200 29
snowboarding

Michael
    $1200 18
(Mayim: That's right, and Brianne, I saw you trying to get in, there. Tisch is your alma mater. Bet you knew that one.)

Spike Lee

Michael
    $1500 26
a hedonist

Michael
    $1500 14
(Richard) Branson

Michael
    $1500 22
(Brianne: Cool.)
(Zoë: Wow.)

the Rockefeller family

Triple Stumper
    $1500 10
[Brianne repeats the longer response as elaborated by Mayim.]
(Mayim: No, you got it, yes!)

champagne (tastes)

Brianne
    $700 30
Maine

Michael
    $1500 19
Lin-Manuel Miranda

Zoë

Scores at the end of the Triple Jeopardy! Round:

Michael Brianne Zoë
$20,000 $2,700 $6,300
(lock game)

[wagering suggestions for these scores]

Final Jeopardy! Round responses

20th CENTURY PEOPLE
(Zoë: Ooo! [Covers her mouth as time runs out])
...
(Zoë: I forgot that I was running out of time, which is what happened before.)
(Mayim: Okay.)
(Zoë: And I started something, and I stopped it, and then I didn't finish up.)
(Mayim: "Who is Bi" is unfortunately not correct.)
(Zoë: Right. Darn it. [Snaps fingers] Okay. Well...)
[Zoë later clarified that her first response was intended to be "Bill Clinton" and her second response was intended to be "Bill Gates".]
...
(Mayim: Let's go over to Michael Cera, the man who Brianne thinks might be the Man of the Century.)
(Michael: That's not correct?)
(Mayim: That is not correct.)
(Michael: Okay.)
(Brianne: In my world today, he certainly is.)
...
(Mayim: Correct response: [*]. Nobel Prize-winning physicist, he was cited for his brain as well as his humanitarian concerns.)
(Michael: No, I have heard of him, yeah.)
(Zoë: Right!)
(Michael: Just--just didn't write it.)
(Brianne: You better not have bet it all.)
BrianneWho is Michael Cera hi Peach!
$700
ZoëWho is Bi Bi
$6,300
MichaelWho is Hawking?
$0
Albert Einstein

Final scores:

Michael Brianne Zoë
$20,000 $2,000 $0
Winner: semifinalist 2nd place: $30,000 to Save the Children 3rd place: $30,000 to Hour Children

Game dynamics:

Coryat scores:

Michael Brianne Zoë
$22,900 $2,700 $6,300
40 R
(including 4 DDs),
5 W
(including 2 DDs)
7 R,
3 W
15 R,
1 W

Combined Coryat: $31,900

[game clues] [game scores] [suggest correction]

Game tape date: 2022-11-06
The J! Archive is created by fans, for fans. Scraping, republication, monetization, and malicious use prohibited; this site may use cookies and collect identifying information. See terms. The Jeopardy! game show and all elements thereof, including but not limited to copyright and trademark thereto, are the property of Jeopardy Productions, Inc. and are protected under law. This website is not affiliated with, sponsored by, or operated by Jeopardy Productions, Inc. Join the discussion at JBoard.tv.